Normal view
MARC view
Entry Nombre personal
001 - NÚMERO DE CONTROL
- campo de control: 238631
003 - IDENTIFICADOR DE NÚMERO DE CONTROL
- campo de control: SpMaBN
005 - FECHA Y HORA DE LA ÚLTIMA TRANSACCIÓN
- campo de control: 20250804130701.0
008 - ELEMENTOS DE DATO DE LONGITUD-FIJA
- campo de control de longitud fija: 181105n| azznnaabn |n aac d
040 ## - FUENTE DE CATALOGACIÓN
- Centro catalogador/agencia de origen: SpMaBN
- Lengua de catalogación: spa
- Centro/agencia transcriptor: SpMaBN
- Normas de descripción: rdc
- Convención/Normas de encabezamiento de materia/tesauro: embne
100 1# - ENCABEZAMIENTO-NOMBRE DE PERSONA
- Nombre de persona: Codina Rodríguez, Fernando
400 1# - TRAZADO DE VÉASE--NOMBRE DE PERSONA
- Nombre de persona: Codina Rodríguez, Fernando
670 ## - FUENTE DE DATOS ENCONTRADOS
- Cita de la fuente: Sopa de Barbie, 2018
- Información encontrada: $<tp> (una novela-blog escrita por Fernando Cdina (firmando como Beatrice Golden))
